15 Największych miast Rosji - Statystyki

Ogólne statystyki
  • Ten quiz został rozwiązany 26 razy
  • Średni wynik to 6 z 15
Statystyki odpowiedzi
Obrazkowy Odpowiedź % Poprawnych
Moskwa
100%
Sankt Petersburg
69%
Kazań
58%
Wołgograd
46%
Ufa
42%
Jekaterynburg
38%
Niżny Nowogród
38%
Rostów nad Donem
38%
Omsk
35%
Czelabińsk
31%
Nowosybirsk
31%
Woroneż
31%
Perm
27%
Samara
27%
Krasnojarsk
23%
Nie znaleziono quizów pasujących do podanych kryteriów
Rozkład punktacji
Procent ludzi z każdym wynikiem
Percentyl według liczby udzielonych odpowiedzi
Twoja historia wyników
Nie rozwiązałeś tego quizu